[Event "FIDE WCC Blitz Women 2019"]
[Site "Moscow"]
[Date "2019.12.30"]
[Round "16.6"]
[White "Paehtz, Elisabeth"]
[Black "Buksa, Nataliya"]
[Result "1/2-1/2"]
[WhiteElo "2380"]
[BlackElo "2356"]
[Annotator "NA"]
[PlyCount "131"]
[EventDate "2019.12.29"]
[EventType "swiss"]
[EventCountry "RUS"]
[SourceTitle "playchess.com"]
[Source "ChessBase"]
[SourceQuality "1"]

1. d4 d5 2. Bf4 Nf6 3. e3 e6 4. Nf3 c5 5. Nbd2 Bd6 6. c3 Qc7 7. Bxd6 Qxd6 8. Ne5 Nc6 9. f4 Bd7 10. Bd3 Ne7 11. Qf3 Ng6 12. h4 Bc6 13. h5 Ne7 14. g4 Nd7 15. g5 f6 16. h6 fxe5 17. hxg7 Rg8 18. fxe5 Nxe5 19. dxe5 Qxe5 20. Rxh7 O-O-O 21. O-O-O Rxg7 22. Qf6 Qxf6 23. gxf6 Rxh7 24. Bxh7 Nf5 25. Bxf5 exf5 26. Rg1 Rf8 27. Rg6 Kd7 28. Nf3 d4 29. Ne5+ Ke6 30. cxd4 cxd4 31. exd4 Rxf6 32. Rxf6+ Kxf6 33. Kd2 Bd5 34. a3 f4 35. Nd3 Kf5 36. Nf2 Kg5 37. Ke2 Kh4 38. Nd1 Kg3 39. Kf1 Bc4+ 40. Ke1 Kf3 41. Kd2 Kg3 42. Ke1 f3 43. Nf2 Kg2 44. Ne4 Bg8 45. Nf2 Bd5 46. Ng4 Kg3 47. Nf2 Kf4 48. Kd2 Bc4 49. Nd1 Ke4 50. Nf2+ Kxd4 51. Nd1 Ke4 52. Nf2+ Kf4 53. Nd1 Kg3 54. Ke3 Kg2 55. Nf2 Be2 56. Ne4 Kf1 57. Nd2+ Kg2 58. Ne4 Bb5 59. Nf2 Bc6 60. Nd3 Kf1 61. Ne5 f2 62. Nd3 a5 63. Kd4 a4 64. Ne5 Bg2 65. Nc4 b5 66. Ne3+ 1/2-1/2

[Event "FIDE WCC Blitz Women 2019"]
[Site "Moscow"]
[Date "2019.12.30"]
[Round "16.8"]
[White "Khademalsharieh, Sarasadat"]
[Black "Saduakassova, Dinara"]
[Result "1-0"]
[WhiteElo "2463"]
[BlackElo "2390"]
[Annotator "ChessBase"]
[PlyCount "143"]
[EventDate "2019.12.29"]
[EventType "swiss"]
[EventCountry "RUS"]
[SourceTitle "playchess.com"]
[Source "ChessBase"]
[SourceQuality "1"]

1. Nf3 Nf6 2. c4 c5 3. g3 g6 4. Bg2 Bg7 5. Nc3 O-O 6. O-O d6 7. d4 cxd4 8. Nxd4 a6 9. b3 Qc7 10. Bg5 Nbd7 11. Rc1 h6 12. Be3 Ne5 13. h3 Bd7 14. f4 Nc6 15. Nd5 Qd8 16. Nxc6 Bxc6 17. Bb6 Qd7 18. e4 e6 19. Nxf6+ Bxf6 20. Qe2 Bg7 21. Rcd1 Qe7 22. Qd2 a5 23. Qxd6 Qxd6 24. Rxd6 Bc3 25. e5 Bxg2 26. Kxg2 a4 27. Rd3 Bb4 28. g4 Rfc8 29. Be3 axb3 30. axb3 Bc5 31. Bxc5 Rxc5 32. Rfd1 b5 33. Rd8+ Rxd8 34. Rxd8+ Kg7 35. Rd4 bxc4 36. Rxc4 Rd5 37. Rc2 g5 38. fxg5 hxg5 39. Re2 Rd3 40. b4 Rb3 41. Re4 Kg6 42. Kh2 Kg7 43. Kg2 Kg6 44. Kh2 Kg7 45. Kg2 Kg6 46. Kf2 Rxh3 47. Ke2 Rb3 48. Kd2 f5 49. exf6 Kxf6 50. Kc2 Ra3 51. b5 Ra5 52. Rb4 Ke5 53. b6 Ra8 54. b7 Rb8 55. Kd3 Kd5 56. Ke3 Ke5 57. Rb5+ Kd6 58. Ke4 Kc6 59. Rb2 Kd6 60. Kd4 Ke7 61. Kc5 Kd7 62. Kb6 e5 63. Ka7 Rf8 64. b8=Q Rxb8 65. Kxb8 Kd6 66. Rb4 Kd5 67. Kc7 e4 68. Rb5+ Kd4 69. Rxg5 e3 70. Rg8 Ke4 71. g5 Kf5 72. Re8 1-0

[Event "FIDE WCC Blitz Women 2019"]
[Site "Moscow"]
[Date "2019.12.30"]
[Round "16.9"]
[White "Charochkina, Daria"]
[Black "Abdumalik, Zhansaya"]
[Result "0-1"]
[WhiteElo "2212"]
[BlackElo "2415"]
[Annotator "TA"]
[PlyCount "48"]
[EventDate "2019.12.29"]
[EventType "swiss"]
[EventCountry "RUS"]
[SourceTitle "playchess.com"]
[Source "ChessBase"]
[SourceQuality "1"]

1. d4 Nf6 2. Bg5 d5 3. Bxf6 exf6 4. e3 Bd6 5. c4 c6 6. Nc3 dxc4 7. Bxc4 O-O 8. Qc2 f5 9. Nf3 Qf6 10. O-O Bc7 11. d5 Nd7 12. dxc6 bxc6 13. e4 Nc5 14. Bd3 Nxd3 15. Qxd3 fxe4 16. Nxe4 Qg6 17. Rfe1 Bg4 18. h3 Rad8 19. Qa3 Be6 20. Qxa7 Bf4 21. Qa3 Bd5 22. Nc5 Bd6 23. Qc3 Bxc5 24. Ne5 Qxg2# 0-1

[Event "FIDE WCC Blitz Women 2019"]
[Site "Moscow"]
[Date "2019.12.30"]
[Round "16.10"]
[White "Ushenina, Anna"]
[Black "Mammadova, Gulnar"]
[Result "0-1"]
[WhiteElo "2424"]
[BlackElo "2293"]
[Annotator "NA"]
[PlyCount "100"]
[EventDate "2019.12.29"]
[EventType "swiss"]
[EventCountry "RUS"]
[SourceTitle "playchess.com"]
[Source "ChessBase"]
[SourceQuality "1"]

1. d4 g6 2. e4 d6 3. Nf3 Bg7 4. c3 Nd7 5. a4 e5 6. dxe5 Nxe5 7. Nxe5 Bxe5 8. Bc4 Be6 9. Bxe6 fxe6 10. Qb3 Qc8 11. O-O Bg7 12. Bg5 Nf6 13. Re1 O-O 14. e5 dxe5 15. Rxe5 Nd5 16. Re2 h6 17. Be3 c6 18. Nd2 Qc7 19. Qc4 Kh7 20. Nf3 e5 21. Rae1 b6 22. Bc1 Rae8 23. Re4 Qd6 24. h3 Rf5 25. R4e2 Ref8 26. Qd3 Qf6 27. Qe4 Nf4 28. Bxf4 Rxf4 29. Qe3 e4 30. Nd2 Qf5 31. Nxe4 Qd7 32. f3 R4f5 33. Rd2 Rd5 34. Red1 Qf7 35. Rxd5 cxd5 36. Nd6 d4 37. Qe4 Qf6 38. Nb5 dxc3 39. Nxc3 Rd8 40. Rxd8 Qxd8 41. Qb7 Qd4+ 42. Kh1 Qe5 43. Ne4 Qxb2 44. Qxa7 Qa1+ 45. Kh2 Qe5+ 46. Kh1 Qa1+ 47. Kh2 Qe5+ 48. Kh1 Qa1+ 49. Kh2 Qe5+ 50. Kh1 Qa1+ 0-1

[Event "FIDE WCC Blitz Women 2019"]
[Site "Moscow"]
[Date "2019.12.30"]
[Round "16.11"]
[White "Harika, Dronavalli"]
[Black "Voit, Daria"]
[Result "1/2-1/2"]
[WhiteElo "2445"]
[BlackElo "2293"]
[Annotator "NA"]
[PlyCount "73"]
[EventDate "2019.12.29"]
[EventType "swiss"]
[EventCountry "RUS"]
[SourceTitle "playchess.com"]
[Source "ChessBase"]
[SourceQuality "1"]

1. Nf3 Nf6 2. b3 g6 3. Bb2 Bg7 4. g3 b6 5. Bg2 Bb7 6. O-O O-O 7. c4 c5 8. e3 d5 9. Qe2 Nc6 10. Na3 dxc4 11. Nxc4 Qc7 12. Rfd1 Ba6 13. Rac1 Rad8 14. d4 cxd4 15. Nxd4 Na5 16. a4 Bxc4 17. bxc4 Qc5 18. Qc2 Rc8 19. Bf1 Ng4 20. Nb3 Nxb3 21. Qxb3 Bxb2 22. Qxb2 Rfd8 23. Rd4 Ne5 24. Be2 Qc6 25. Qb5 Rxd4 26. exd4 Nf3+ 27. Bxf3 Qxf3 28. Re1 e6 29. d5 Qc3 30. Re4 Qd3 31. Qd7 Rxc4 32. Rxc4 Qxc4 33. dxe6 Qxe6 34. Qxa7 Qe1+ 35. Kg2 Qe4+ 36. Kg1 Qe1+ 37. Kg2 1/2-1/2

[Event "FIDE WCC Blitz Women 2019"]
[Site "Moscow"]
[Date "2019.12.30"]
[Round "16.12"]
[White "Sargsyan, Anna"]
[Black "Dzagnidze, Nana"]
[Result "0-1"]
[WhiteElo "1708"]
[BlackElo "2432"]
[Annotator "NA"]
[PlyCount "78"]
[EventDate "2019.12.29"]
[EventType "swiss"]
[EventCountry "RUS"]
[SourceTitle "playchess.com"]
[Source "ChessBase"]
[SourceQuality "1"]

1. e4 c5 2. Nf3 a6 3. c3 Nf6 4. Bd3 d6 5. O-O Nc6 6. Bc2 Bg4 7. h3 Bh5 8. d3 e6 9. Be3 Be7 10. Nbd2 O-O 11. Re1 b5 12. Nf1 Nd7 13. g4 Bg6 14. Ng3 b4 15. Kg2 bxc3 16. bxc3 Rb8 17. Rh1 Qa5 18. h4 f6 19. Bb3 Bf7 20. Rc1 Nde5 21. Nxe5 dxe5 22. g5 f5 23. exf5 exf5 24. Nxf5 Bxb3 25. Nxe7+ Nxe7 26. axb3 Nd5 27. Bd2 Qc7 28. Qe2 Nf4+ 29. Bxf4 Rxf4 30. f3 Rxb3 31. Rb1 Rxc3 32. Qa2+ Kh8 33. Qe6 Rf8 34. Rb2 Rxd3 35. Re1 c4 36. Rxe5 c3 37. Qf5 Qd8 38. Rbe2 Rxf5 39. Re8+ Rf8 0-1

[Event "FIDE WCC Blitz Women 2019"]
[Site "Moscow"]
[Date "2019.12.30"]
[Round "16.13"]
[White "Munguntuul, Batkhuyag"]
[Black "Gaponenko, Inna"]
[Result "1-0"]
[WhiteElo "2282"]
[BlackElo "2415"]
[Annotator "NA"]
[PlyCount "109"]
[EventDate "2019.12.29"]
[EventType "swiss"]
[EventCountry "RUS"]
[SourceTitle "playchess.com"]
[Source "ChessBase"]
[SourceQuality "1"]

1. e4 c5 2. Nf3 g6 3. d4 cxd4 4. Nxd4 Nc6 5. c4 d6 6. Nc3 Bg7 7. Be3 Qb6 8. Ndb5 Bxc3+ 9. Nxc3 Qxb2 10. Nb5 Kf8 11. Bd3 Bg4 12. Qb1 Qxb1+ 13. Rxb1 h5 14. f3 Bd7 15. Kd2 Nf6 16. Rb3 Kg7 17. Rhb1 b6 18. Ra3 Rhc8 19. f4 Na5 20. Rc3 Bc6 21. Bd4 Rd8 22. Nc7 Rac8 23. Nd5 Bxd5 24. cxd5 Rxc3 25. Bxc3 Nb7 26. Ke3 Kf8 27. Bxf6 exf6 28. Kd4 Ke7 29. Rc1 Nc5 30. Bb5 Rc8 31. Rc3 Rc7 32. g3 Kd8 33. h3 Nb7 34. Rxc7 Kxc7 35. Be8 Nd8 36. g4 hxg4 37. hxg4 a6 38. a4 g5 39. fxg5 fxg5 40. e5 dxe5+ 41. Kxe5 Nb7 42. Bxf7 Kd7 43. Be6+ Ke7 44. Bc8 Nc5 45. Kf5 a5 46. Kxg5 Nxa4 47. Kh6 Nc5 48. g5 a4 49. g6 Ne4 50. g7 Nf6 51. Kg6 Ng8 52. Be6 a3 53. Bxg8 a2 54. d6+ Kxd6 55. Bxa2 1-0

[Event "FIDE WCC Blitz Women 2019"]
[Site "Moscow"]
[Date "2019.12.30"]
[Round "16.14"]
[White "Muzychuk, Mariya"]
[Black "Krush, Irina"]
[Result "1/2-1/2"]
[WhiteElo "2344"]
[BlackElo "2371"]
[Annotator "NA"]
[PlyCount "120"]
[EventDate "2019.12.29"]
[EventType "swiss"]
[EventCountry "RUS"]
[SourceTitle "playchess.com"]
[Source "ChessBase"]
[SourceQuality "1"]

1. e4 c5 2. Nf3 d6 3. Bb5+ Nd7 4. O-O Ngf6 5. Re1 a6 6. Bd3 g6 7. c3 Bg7 8. a4 b6 9. Bc2 Bb7 10. d4 cxd4 11. cxd4 O-O 12. Nc3 e5 13. h3 exd4 14. Nxd4 Re8 15. Bf4 Nc5 16. f3 Nh5 17. Bh2 Be5 18. Qd2 Qf6 19. Nce2 Bxh2+ 20. Kxh2 d5 21. exd5 Bxd5 22. Nc3 Red8 23. Qe3 Nf4 24. Rad1 Bb7 25. Qe5 Qxe5 26. Rxe5 Ncd3 27. Bxd3 Rxd4 28. Be4 Rxd1 29. Bxb7 Rad8 30. Nxd1 Rxd1 31. Kg3 Nd3 32. Rd5 Nxb2 33. Rxd1 Nxd1 34. Bxa6 Nc3 35. Bb5 Kg7 36. Kf4 Kf6 37. Bc6 Ke6 38. Ke3 Kd6 39. Be8 f6 40. Kd3 Nd5 41. g3 Nc7 42. Bf7 Na6 43. Kc4 Nc7 44. h4 g5 45. Kd4 Na6 46. Kc4 Nc7 47. Kd4 Na6 48. h5 Nc5 49. Be8 h6 50. Kc4 Nb7 51. Bg6 Na5+ 52. Kb5 Kc7 53. Be4 Nb3 54. Bd5 Nd4+ 55. Kc4 Ne2 56. g4 Nf4 57. Be4 Kd6 58. Kb5 Kc7 59. Kc4 Kd6 60. Kb5 Ke5 1/2-1/2

[Event "FIDE WCC Blitz Women 2019"]
[Site "Moscow"]
[Date "2019.12.30"]
[Round "16.15"]
[White "Shuvalova, Polina"]
[Black "Gvetadze, Sofio"]
[Result "1/2-1/2"]
[WhiteElo "2302"]
[BlackElo "2202"]
[Annotator "NA"]
[PlyCount "171"]
[EventDate "2019.12.29"]
[EventType "swiss"]
[EventCountry "RUS"]
[SourceTitle "playchess.com"]
[Source "ChessBase"]
[SourceQuality "1"]

1. e4 c5 2. Nf3 g6 3. c3 Bg7 4. d4 cxd4 5. cxd4 d5 6. e5 a6 7. h3 Nc6 8. Nc3 f6 9. exf6 Nxf6 10. Bd3 O-O 11. O-O Nh5 12. Bc2 Kh8 13. Re1 Nf4 14. Be3 Qd6 15. Ne5 Nxe5 16. dxe5 Qxe5 17. Qd2 e6 18. Rad1 Bd7 19. h4 Qf6 20. g3 Nh5 21. Bg5 Qf7 22. Nxd5 Bc6 23. Nc3 Qf3 24. Be4 Qg4 25. Bxc6 bxc6 26. Qe2 Qb4 27. Rd2 Nf6 28. Red1 Nd5 29. Ne4 h6 30. a3 Qa4 31. Nc5 Qa5 32. Be3 Rf5 33. Nxe6 Nxe3 34. Nxg7 Nxd1 35. Nxf5 Qxf5 36. Qxd1 Re8 37. Rd8 Qe5 38. Rxe8+ Qxe8 39. Qd4+ Kh7 40. Kg2 Qe7 41. Qf4 h5 42. Qd4 a5 43. a4 Qb7 44. Qf6 c5+ 45. Kh2 Qd7 46. Qe5 Qxa4 47. Qxc5 Qb3 48. Qe7+ Kh8 49. Qf6+ Kh7 50. Qe5 a4 51. Kg2 Qb7+ 52. Kh2 Qb3 53. Qe7+ Kh8 54. Qf6+ Kh7 55. Kg2 Qb7+ 56. Kh2 Qb3 57. Qd4 Kg8 58. Kg2 Qb7+ 59. Kg1 Qb3 60. Kf1 Kh7 61. Qd7+ Kg8 62. Qd2 Kh7 63. Qd4 Kg8 64. Ke1 Kh7 65. Kd2 Qd5 66. Kd3 Qf5+ 67. Ke3 Qe6+ 68. Kd2 Qd5 69. Qd3 Qa5+ 70. Kc2 Qc5+ 71. Kb1 Qb4 72. Qd7+ Kh6 73. Qe8 Kh7 74. Qf7+ Kh6 75. Qg8 Qd4 76. Qf8+ Kh7 77. Qf7+ Kh6 78. Qf4+ Qxf4 79. gxf4 Kg7 80. Kc2 Kf6 81. Kd3 Kf5 82. Ke3 Kg4 83. Ke4 Kxh4 84. f5 gxf5+ 85. Kxf5 Kh3 86. f4 1/2-1/2

[Event "FIDE WCC Blitz Women 2019"]
[Site "Moscow"]
[Date "2019.12.30"]
[Round "16.16"]
[White "Zatonskih, Anna"]
[Black "Nurgali, Nazerke"]
[Result "1-0"]
[WhiteElo "2374"]
[BlackElo "2075"]
[Annotator "NA"]
[PlyCount "111"]
[EventDate "2019.12.29"]
[EventType "swiss"]
[EventCountry "RUS"]
[SourceTitle "playchess.com"]
[Source "ChessBase"]
[SourceQuality "1"]

1. e4 c6 2. Nc3 d5 3. Nf3 dxe4 4. Nxe4 Nf6 5. Nxf6+ exf6 6. d4 Bd6 7. Be2 O-O 8. O-O Bf5 9. Nh4 Bg6 10. Nxg6 hxg6 11. c4 Nd7 12. Re1 f5 13. c5 Bc7 14. Bf3 Nf6 15. Bg5 Qd7 16. Bxf6 gxf6 17. d5 Ba5 18. dxc6 Qxd1 19. Rexd1 bxc6 20. a3 Rac8 21. b4 Bc7 22. Bxc6 Be5 23. Bd7 Bxa1 24. Bxc8 Bb2 25. Bd7 Be5 26. b5 Rd8 27. c6 Bc7 28. h3 Kf8 29. Re1 Rb8 30. a4 Ra8 31. Rb1 Rb8 32. Re1 Ra8 33. Rb1 Rb8 34. Kf1 Ke7 35. Ke2 Kd6 36. Kd3 Kc5 37. Kc3 Be5+ 38. Kd3 Bc7 39. Rc1+ Kb4 40. Rc4+ Ka5 41. Rh4 a6 42. bxa6 Kxa6 43. Rh7 Rb3+ 44. Kc4 Ra3 45. Rxf7 Rxa4+ 46. Kb3 Rd4 47. Rxf6 Rd2 48. Rxg6 Rxf2 49. h4 Kb5 50. h5 Rf1 51. h6 Rh1 52. Bxf5 Rh5 53. Be4 Rh4 54. Re6 Bf4 55. h7 Rh1 56. Re8 1-0

[Event "FIDE WCC Blitz Women 2019"]
[Site "Moscow"]
[Date "2019.12.30"]
[Round "16.17"]
[White "Danielian, Elina"]
[Black "Zhukova, Natalia"]
[Result "0-1"]
[WhiteElo "2341"]
[BlackElo "2239"]
[Annotator "NA"]
[PlyCount "76"]
[EventDate "2019.12.29"]
[EventType "swiss"]
[EventCountry "RUS"]
[SourceTitle "playchess.com"]
[Source "ChessBase"]
[SourceQuality "1"]

1. Nf3 Nf6 2. c4 c5 3. e3 e6 4. d4 d5 5. a3 cxd4 6. exd4 Be7 7. Nc3 O-O 8. cxd5 exd5 9. Bd3 Bg4 10. h3 Bh5 11. O-O Nc6 12. Be3 Re8 13. Qb3 Bxf3 14. gxf3 Qd7 15. Kg2 Rad8 16. Rfe1 a6 17. Rac1 Nh5 18. Ne2 Bf6 19. Qc2 g6 20. Bxa6 Nxd4 21. Nxd4 Bxd4 22. Bf1 Bxe3 23. fxe3 d4 24. Rcd1 Qd6 25. Qf2 Qf6 26. exd4 Rxe1 27. Rxe1 Rxd4 28. Re4 Nf4+ 29. Kh2 Rd1 30. Bg2 Qd6 31. Qg3 Rd4 32. Rxd4 Qxd4 33. h4 h5 34. Qg5 Ne2 35. b4 Qg1+ 36. Kh3 Qf2 37. a4 Ng1+ 38. Kh2 Nxf3+ 0-1

[Event "FIDE WCC Blitz Women 2019"]
[Site "Moscow"]
[Date "2019.12.30"]
[Round "16.18"]
[White "Kashlinskaya, Alina"]
[Black "Matveeva, Svetlana"]
[Result "1-0"]
[WhiteElo "2282"]
[BlackElo "2239"]
[Annotator "NA"]
[PlyCount "71"]
[EventDate "2019.12.29"]
[EventType "swiss"]
[EventCountry "RUS"]
[SourceTitle "playchess.com"]
[Source "ChessBase"]
[SourceQuality "1"]

1. d4 e6 2. c4 b6 3. a3 Bb7 4. Nc3 f5 5. Bf4 Nf6 6. e3 g6 7. Nf3 Bg7 8. Be2 O-O 9. O-O d6 10. h3 Nbd7 11. Bh2 Qe7 12. b4 Rfd8 13. Qb3 Kh8 14. Rac1 e5 15. Rfd1 exd4 16. Nxd4 a6 17. Bf3 Bxf3 18. Nxf3 Ne5 19. Nxe5 dxe5 20. Nd5 Nxd5 21. Rxd5 c6 22. Rdd1 Rxd1+ 23. Rxd1 Rd8 24. Bg3 b5 25. cxb5 cxb5 26. Rd5 h6 27. Qd1 Rxd5 28. Qxd5 Kh7 29. Qc6 Qf6 30. Qc7 g5 31. f3 f4 32. exf4 exf4 33. Bf2 Qa1+ 34. Kh2 Qxa3 35. Bd4 Kg6 36. Qxg7+ 1-0

[Event "FIDE WCC Blitz Women 2019"]
[Site "Moscow"]
[Date "2019.12.30"]
[Round "16.19"]
[White "Injac, Teodora"]
[Black "Mamedjarova, Turkan"]
[Result "0-1"]
[WhiteElo "2236"]
[BlackElo "2273"]
[Annotator "NA"]
[PlyCount "78"]
[EventDate "2019.12.29"]
[EventType "swiss"]
[EventCountry "RUS"]
[SourceTitle "playchess.com"]
[Source "ChessBase"]
[SourceQuality "1"]

1. d4 d5 2. Nf3 Nf6 3. c4 e6 4. Nc3 c6 5. cxd5 exd5 6. Bg5 Be7 7. Qc2 Nbd7 8. e3 O-O 9. Bd3 Re8 10. h3 h6 11. Bf4 Nf8 12. O-O Bd6 13. Bxd6 Qxd6 14. Rab1 Ne6 15. b4 Ng5 16. Ne5 Bd7 17. f4 Nge4 18. Nxe4 Nxe4 19. Bxe4 dxe4 20. Qxe4 f6 21. Qg6 Be6 22. Nd3 Bxa2 23. Ra1 Bd5 24. Qg3 Bc4 25. Rfd1 Bxd3 26. Rxd3 Qxb4 27. Rdd1 Qc3 28. Re1 a5 29. Rac1 Qd3 30. Rcd1 Qe4 31. Rb1 b5 32. Rbc1 a4 33. Qf2 a3 34. Qa2+ Kh8 35. Rc5 b4 36. Kf2 Qd3 37. Qb1 Qxb1 38. Rxb1 a2 39. Ra1 b3 0-1

[Event "FIDE WCC Blitz Women 2019"]
[Site "Moscow"]
[Date "2019.12.30"]
[Round "16.20"]
[White "Mkrtchian, Lilit"]
[Black "Balaian, Alina"]
[Result "1-0"]
[WhiteElo "2268"]
[BlackElo "2173"]
[Annotator "NA"]
[PlyCount "141"]
[EventDate "2019.12.29"]
[EventType "swiss"]
[EventCountry "RUS"]
[SourceTitle "playchess.com"]
[Source "ChessBase"]
[SourceQuality "1"]

1. c4 Nf6 2. Nc3 g6 3. g3 d5 4. cxd5 Nxd5 5. Bg2 Nb6 6. d3 Bg7 7. Be3 O-O 8. Qd2 Re8 9. Rc1 c6 10. Nf3 N8d7 11. O-O e5 12. Ne4 Nd5 13. Bh6 N7f6 14. Bxg7 Kxg7 15. Nc5 b6 16. Nb3 c5 17. a3 Bb7 18. Qc2 Rc8 19. Nbd2 Qe7 20. Nc4 Nd7 21. b3 f6 22. Qb2 Nf8 23. Nfd2 Ne6 24. Ne4 Rcd8 25. Rfd1 Nd4 26. e3 Nc6 27. Rb1 f5 28. Ned2 Qf6 29. Rdc1 Nde7 30. Bf1 Rd7 31. Nf3 Nc8 32. b4 Nd4 33. exd4 Bxf3 34. dxe5 Qe6 35. bxc5 bxc5 36. Nd2 Ba8 37. Rxc5 Nb6 38. Rbc1 Ree7 39. Qb5 h5 40. Qb3 Bd5 41. Qb5 h4 42. Nc4 hxg3 43. fxg3 Nxc4 44. dxc4 Bb7 45. Qb2 Re8 46. Bg2 Bxg2 47. Qxg2 Red8 48. Rd5 Qb6+ 49. Kh1 Re7 50. Rcd1 Rc8 51. Rd7 Qc5 52. Qb7 Rce8 53. Rxe7+ Rxe7 54. Rd7 Rxd7 55. Qxd7+ Kh6 56. Qd2+ Kg7 57. Qe2 Qxa3 58. e6 Qe7 59. Qe5+ Kh7 60. c5 Qb7+ 61. Kg1 Qb1+ 62. Kf2 Qc2+ 63. Kf3 Qd3+ 64. Kg2 Qc2+ 65. Kh3 Qd1 66. e7 Qf1+ 67. Kh4 Qf3 68. Kg5 Qg4+ 69. Kf6 Kh6 70. e8=Q Qg5+ 71. Kf7 1-0

[Event "FIDE WCC Blitz Women 2019"]
[Site "Moscow"]
[Date "2019.12.30"]
[Round "16.21"]
[White "Goltseva, Ekaterina"]
[Black "Batsiashvili, Nino"]
[Result "0-1"]
[WhiteElo "2143"]
[BlackElo "2259"]
[Annotator "NA"]
[PlyCount "70"]
[EventDate "2019.12.29"]
[EventType "swiss"]
[EventCountry "RUS"]
[SourceTitle "playchess.com"]
[Source "ChessBase"]
[SourceQuality "1"]

1. d4 d5 2. c4 e6 3. Nc3 a6 4. cxd5 exd5 5. Qb3 c6 6. e4 dxe4 7. Bc4 Qe7 8. a4 Nf6 9. Bg5 h6 10. Bh4 g5 11. Bg3 Bg7 12. Nge2 O-O 13. O-O Nh5 14. Bxb8 Rxb8 15. Bxa6 Nf4 16. Bc4 Bg4 17. Rfe1 Rbe8 18. Nxf4 gxf4 19. Rxe4 Qf6 20. Rae1 Rd8 21. f3 Bh5 22. d5 Bg6 23. R4e2 Qd4+ 24. Kh1 cxd5 25. Nxd5 Kh7 26. Ne7 Rd6 27. Nxg6 fxg6 28. Bb5 Rfd8 29. h3 Qf6 30. Qc4 Rd4 31. Qc7 Rd1 32. Qxb7 Qh4 33. Qe7 Qg3 34. a5 R8d2 35. Ba4 Rxe1+ 0-1

[Event "FIDE WCC Blitz Women 2019"]
[Site "Moscow"]
[Date "2019.12.30"]
[Round "16.22"]
[White "Cramling, Pia"]
[Black "Garifullina, Leya"]
[Result "1/2-1/2"]
[WhiteElo "2383"]
[BlackElo "2267"]
[Annotator "NA RC"]
[PlyCount "149"]
[EventDate "2019.12.29"]
[EventType "swiss"]
[EventCountry "RUS"]
[SourceTitle "playchess.com"]
[Source "ChessBase"]
[SourceQuality "1"]

1. Nf3 Nf6 2. c4 e6 3. d4 b6 4. g3 Bb7 5. Bg2 Bb4+ 6. Bd2 Be7 7. Nc3 O-O 8. O-O c6 9. Bf4 d5 10. Qd3 Nbd7 11. Rfd1 Nh5 12. Rac1 Nxf4 13. gxf4 Nf6 14. Ne5 Rc8 15. cxd5 cxd5 16. e3 a6 17. Qc2 b5 18. Qb3 Qa5 19. Ne2 Ne4 20. Ng3 Bd6 21. Nxe4 dxe4 22. Rc3 Bd5 23. Qc2 Rxc3 24. bxc3 Rc8 25. Bxe4 Qxc3 26. Bxh7+ Kf8 27. Qe2 Qa3 28. Qh5 Bxe5 29. fxe5 Rc1 30. e4 Bc4 31. d5 exd5 32. exd5 Bxd5 33. Bf5 Rxd1+ 34. Qxd1 Qf3 35. Qxf3 Bxf3 36. a3 a5 37. Kf1 b4 38. axb4 axb4 39. Bc2 Ke7 40. Ke1 Ke6 41. Bb3+ Kxe5 42. Bxf7 Kf4 43. Kd2 Bc6 44. Bh5 Bd5 45. Bd1 Be6 46. Be2 g5 47. Bd1 Bd5 48. Be2 Bf3 49. Bc4 Kg4 50. Be6+ Kh4 51. Bd7 Bg4 52. Bb5 Kh3 53. Bc6 Kxh2 54. Bd5 Kg1 55. Ke3 Bf5 56. Bb3 Kg2 57. Bc4 Kh3 58. Bb3 Kg4 59. Bd1+ Kh4 60. Bb3 Bg6 61. Bd1 Kh3 62. Bb3 Kh4 63. Kf3 Bf5 64. Ke3 Kh5 65. Bd1+ Kg6 66. Bb3 Kf6 67. Kd4 Be6 68. Bc2 b3 69. Bb1 b2 70. Kc3 Bf5 71. Kxb2 Bxb1 72. Kxb1 Kf5 73. Kc2 Kf4 74. Kd2 Kf3 75. Ke1 1/2-1/2

[Event "FIDE WCC Blitz Women 2019"]
[Site "Moscow"]
[Date "2019.12.30"]
[Round "16.23"]
[White "Strutinskaia, Galina"]
[Black "Girya, Olga"]
[Result "1-0"]
[WhiteElo "2227"]
[BlackElo "2337"]
[Annotator "NA RC"]
[PlyCount "115"]
[EventDate "2019.12.29"]
[EventType "swiss"]
[EventCountry "RUS"]
[SourceTitle "playchess.com"]
[Source "ChessBase"]
[SourceQuality "1"]

1. c4 c6 2. Nf3 d5 3. e3 Nf6 4. b3 Bf5 5. Bb2 e6 6. Be2 h6 7. O-O Nbd7 8. d4 Be7 9. Nbd2 O-O 10. a3 a5 11. Ne5 Nxe5 12. dxe5 Nd7 13. Nf3 Bg6 14. Qd2 Nc5 15. Qc3 Ne4 16. Qc1 Qb6 17. Qd1 Rfd8 18. cxd5 Rxd5 19. Qc1 Nc5 20. Bc4 Nxb3 21. Bxb3 Qxb3 22. a4 Rad8 23. Bd4 c5 24. Bc3 b6 25. Nd2 Qc2 26. Nf3 Qxc1 27. Rfxc1 R8d7 28. h3 Be4 29. Ne1 Bd8 30. f3 Bg6 31. e4 Rd3 32. Nxd3 Rxd3 33. Rd1 Rxc3 34. Rxd8+ Kh7 35. Rb1 Rc4 36. Rxb6 Rxa4 37. Rbb8 Bh5 38. g4 Ra1+ 39. Kf2 Kg6 40. gxh5+ Kxh5 41. Ra8 Kh4 42. Rd7 Ra2+ 43. Ke3 Kxh3 44. Rxf7 g5 45. Rf6 Ra3+ 46. Ke2 Ra2+ 47. Kd1 Kg3 48. Rh8 c4 49. Rhxh6 c3 50. Rxe6 Kxf3 51. Rh3+ Kxe4 52. Rxc3 Ra1+ 53. Rc1 Ra3 54. Re8 g4 55. e6 g3 56. Rg8 Rd3+ 57. Kc2 Rd6 58. e7 1-0

[Event "FIDE WCC Blitz Women 2019"]
[Site "Moscow"]
[Date "2019.12.30"]
[Round "16.24"]
[White "Atalik, Ekaterina"]
[Black "Guichard, Pauline"]
[Result "1-0"]
[WhiteElo "2211"]
[BlackElo "2335"]
[Annotator "NA"]
[PlyCount "95"]
[EventDate "2019.12.29"]
[EventType "swiss"]
[EventCountry "RUS"]
[SourceTitle "playchess.com"]
[Source "ChessBase"]
[SourceQuality "1"]

1. Nf3 Nf6 2. g3 e6 3. Bg2 Be7 4. O-O O-O 5. c4 d5 6. d4 dxc4 7. Ne5 Nc6 8. Bxc6 bxc6 9. Nxc6 Qe8 10. Nxe7+ Qxe7 11. Qa4 e5 12. dxe5 Qxe5 13. Qxc4 Re8 14. Nc3 Be6 15. Qh4 Rab8 16. Be3 Rxb2 17. Bd4 Qf5 18. Rfc1 Rd2 19. Bxf6 gxf6 20. Qf4 Qxf4 21. gxf4 f5 22. Rab1 Kg7 23. Rb7 a5 24. Rxc7 Bxa2 25. Nxa2 Rxa2 26. e3 Rd8 27. Ra7 Rdd2 28. Rcc7 Rxf2 29. Rxf7+ Kg6 30. Rg7+ Kf6 31. Rgc7 Rg2+ 32. Kf1 Rgf2+ 33. Ke1 Ke6 34. Rxa5 Rfe2+ 35. Kd1 Red2+ 36. Kc1 Rxa5 37. Kxd2 Kd5 38. Rxh7 Ke4 39. Re7+ Kf3 40. Re5 Ra2+ 41. Kd3 Ra3+ 42. Kd4 Ra4+ 43. Kd5 Ra2 44. Ke6 Rxh2 45. Kxf5 Rh8 46. Kf6 Rf8+ 47. Ke7 Rh8 48. f5 1-0

[Event "FIDE WCC Blitz Women 2019"]
[Site "Moscow"]
[Date "2019.12.30"]
[Round "16.25"]
[White "Pourkashiyan, Atousa"]
[Black "Nebolsina, Vera"]
[Result "1-0"]
[WhiteElo "2327"]
[BlackElo "2252"]
[Annotator "NA"]
[PlyCount "75"]
[EventDate "2019.12.29"]
[EventType "swiss"]
[EventCountry "RUS"]
[SourceTitle "playchess.com"]
[Source "ChessBase"]
[SourceQuality "1"]

1. e4 g6 2. d4 Bg7 3. Nc3 d6 4. Nf3 a6 5. a4 Nf6 6. Be2 O-O 7. O-O Nc6 8. h3 h6 9. Be3 e5 10. Qd2 Kh7 11. Bc4 Nh5 12. dxe5 dxe5 13. Qxd8 Nxd8 14. Nd5 Ne6 15. Rfd1 Nhf4 16. Bxf4 exf4 17. e5 Rb8 18. Nf6+ Bxf6 19. exf6 b5 20. axb5 axb5 21. Bb3 c5 22. Bd5 Bb7 23. Ne5 Nd4 24. Bxf7 Rbd8 25. Bxg6+ Kg8 26. Ng4 Kh8 27. Nxh6 Rxf6 28. Nf7+ Kg7 29. Nxd8 Bd5 30. Bd3 c4 31. Bf1 Nf3+ 32. gxf3 Bxf3 33. Rd7+ Kh6 34. Nf7+ Kh5 35. Ne5 Be4 36. f3 Bf5 37. Ng4 Kh4 38. Nxf6 1-0